| Tag |
First Indicator |
Second Indicator |
Subfields |
| LEADER |
00000cam a22000001a 4500 |
| 001 |
in00003307939 |
| 006 |
m d f |
| 007 |
cr bn mmmapmmp |
| 008 |
101203s2005 dcu o f000 0 eng d |
| 005 |
20260430212546.1 |
| 035 |
|
|
|a cis2007849777
|
| 040 |
|
|
|a ProQuest
|c ProQuest
|d UtOrBLW
|
| 043 |
|
|
|a n-us---
|
| 099 |
|
|
|a CRS-2005-FDT-1037
|
| 110 |
2 |
|
|a Library of Congress.
|b Congressional Research Service.
|
| 245 |
1 |
0 |
|a Nuclear Threat Reduction Measures for India and Pakistan.
|
| 264 |
|
1 |
|a [Place of publication not identified] :
|b [publisher not identified],
|c 2005.
|
| 300 |
|
|
|a 1 online resource.
|
| 336 |
|
|
|a text
|b txt
|2 rdacontent
|
| 337 |
|
|
|a computer
|b c
|2 rdamedia
|
| 338 |
|
|
|a online resource
|b cr
|2 rdacarrier
|
| 500 |
|
|
|a Record is based on bibliographic data in ProQuest U.S. Congressional Research Digital Collection (last viewed Dec. 2010). Reuse except for individual research requires license from ProQuest, LLC.
|
| 500 |
|
|
|a CRS Report.
|
| 520 |
|
|
|a Reviews options to reduce threat of terrorism and deter proliferation of nuclear and other weapons of mass destruction in India and Pakistan, including potential use of Cooperative Threat Reduction (CTR) programs. Covers brief history of CTR program use in former Soviet Union; review of specific risks in Southeast Asia, and U.S. and international nonproliferation and related laws and/or policies, including constraints on U.S. assistance; potential U.S. policy options addressing site, material, nuclear weapons, and personnel security in India and Pakistan; and related issues for Congress.
|
| 500 |
|
|
|a Electronic resource.
|
| 650 |
|
0 |
|a Nuclear weapons.
|
| 651 |
|
0 |
|a Pakistan.
|
| 651 |
|
0 |
|a South Asia.
|
| 655 |
|
7 |
|a Electronic books.
|2 local
|
| 710 |
2 |
|
|a ProQuest (Firm)
|
| 776 |
0 |
8 |
|i Microfiche version:
|a Library of Congress. Congressional Research Service.
|t Nuclear Threat Reduction Measures for India and Pakistan
|
| 830 |
|
0 |
|a U.S. Congressional Research.
|
| 856 |
4 |
0 |
|u http://proxy.library.tamu.edu/login?url=https://congressional.proquest.com/congcomp/getdoc?CRDC-ID=CRS-2005-FDT-1037
|z Connect to the full text of this electronic book
|t 0
|
| 999 |
|
|
|a MARS
|
| 999 |
f |
f |
|s af05663f-3f05-3d02-93ad-dec613f36b0e
|i c0afa9f3-6209-3165-89d3-adc09905e73e
|t 0
|
| 952 |
f |
f |
|a Texas A&M University
|b College Station
|c Electronic Resources
|s www_evans
|d Available Online
|t 0
|e CRS-2005-FDT-1037
|h Other scheme
|
| 998 |
f |
f |
|a CRS-2005-FDT-1037
|t 0
|l Available Online
|